DISEÑO DE CONCRETO DE ALTA RESISTENCIA CON AGEGADOS LOCALES EN ALTA VERAPAZ. / (Registro nro. 2044)

Detalles MARC
000 -LEADER
campo de control de longitud fija 03209nam a22003377a 4500
001 - NÚMERO DE CONTROL
campo de control TIC 0037
003 - IDENTIFICADOR DE NÚMERO DE CONTROL
campo de control gtcocun
005 - FECHA Y HORA DE LA ÚLTIMA TRANSACCIÓN
campo de control 20250922171307.0
006 - CÓDIGOS DE INFORMACIÓN DE LONGITUD FIJA--CARACTERÍSTICAS DEL MATERIAL ADICIONAL
campo de control de longitud fija a||||gr|||| 00| 0
007 - CAMPO FIJO DE DESCRIPCIÓN FÍSICA--INFORMACIÓN GENERAL
campo de control de longitud fija ta
008 - DATOS DE LONGITUD FIJA--INFORMACIÓN GENERAL
campo de control de longitud fija 250922b2024 gt ||||| m||| 00| 0 eng d
040 ## - FUENTE DE CATALOGACIÓN
Centro catalogador/agencia de origen gtcocun
Lengua de catalogación SPA
Centro/agencia transcriptor gtcocun
Normas de descripción RDA
041 ## - CÓDIGO DE IDIOMA
Código de lengua del texto/banda sonora o título independiente SPA TIC 0037
084 ## - OTRO NÚMERO DE CLASIFICACIÓN
Número de control del registro de autoridad o número normalizado TIC 0037
100 ## - ENTRADA PRINCIPAL--NOMBRE DE PERSONA
Nombre de persona Ibáñez Hernández, Jairo Esaú
Término indicativo de función/relación Autor
245 ## - MENCIÓN DEL TÍTULO
Título DISEÑO DE CONCRETO DE ALTA RESISTENCIA CON AGEGADOS LOCALES EN ALTA VERAPAZ. /
Mención de responsabilidad, etc. Jairo Esaú Ibáñez Hernández
Medio Impreso
264 ## - PRODUCCIÓN, PUBLICACIÓN, DISTRIBUCIÓN, FABRICACIÓN Y COPYRIGHT
Producción, publicación, distribución, fabricación y copyright Cobán, Alta Verapaz:
Nombre del de productor, editor, distribuidor, fabricante Universidad de San Carlos de Guatemala, Centro Universitario del Norte, Ingeniería Civil
Fecha de producción, publicación, distribución, fabricación o copyright 2024
300 ## - DESCRIPCIÓN FÍSICA
Extensión 103 p.:
Otras características físicas Ilustraciones, gráficas.
Dimensiones 28 cm;
300 ## - DESCRIPCIÓN FÍSICA
Dimensiones PDF
336 ## - TIPO DE CONTENIDO
Fuente rdacontenido
Término de tipo de contenido Texto
Código de tipo de contenido txt
337 ## - TIPO DE MEDIO
Fuente rdamedio
Nombre/término del tipo de medio Computadora
Código del tipo de medio n
338 ## - TIPO DE SOPORTE
Fuente rdasoporte
Nombre/término del tipo de soporte Código en línea
Código del tipo de soporte cr
502 ## - NOTA DE TESIS
identificador de la tesis TIC 0037
502 ## - NOTA DE TESIS
Nota de tesis Tesis de grado
Tipo de título Ingeniería Civil,
Nombre de la institución que otorga el título Universidad de San Carlos de Guatemala, Centro Universitario del Norte, Ingeniería Civil
Año de obtención del título 2024
Identificador de la tesis TIC 0037
520 14 - RESUMEN, ETC.
Sumario, etc. En esta investigación sobre el diseño de concreto de alta resistencia, se exploraron aspectos fundamentales para lograr mezclas con características excepcionales en términos de resistencia y durabilidad. Se examinaron tres bancos de agregados: Rocarena-San Cristóbal Verapaz, Piedra Angular-Santa Cruz Verapaz y Las Pericas-Marajuma. A partir de análisis granulométricos y propiedades físicas, se determinaron las densidades relativas, absorciones y pesos volumétricos de los agregados, lo que brindó información esencial para la dosificación de las mezclas.<br/><br/>En el proceso de diseño, se siguieron rigurosos métodos basados en normativas como ACI 211.1 y ACI 211.4R. La relación agua/cemento fue cuidadosamente seleccionada para garantizar tanto resistencia como durabilidad. El tamaño máximo nominal de los agregados también influyó en la elección del asentamiento y el contenido de aire atrapado. La utilización de aditivos superplastificantes demostró ser valiosa para mejorar la trabajabilidad y la resistencia del concreto de alta resistencia.<br/><br/>La investigación destacó que la selección adecuada de los materiales y proporciones es esencial para lograr las propiedades deseadas en el concreto de alta resistencia. Los datos recolectados de los agregados y las decisiones de diseño fueron fundamentales para crear mezclas que sobresalen en términos de resistencia a compresión y durabilidad. Además, se resalta la importancia de la relación agua/cemento, la incorporación del aditivo superplastificante y la consideración de factores como el tamaño máximo nominal y el contenido de aire. Estos hallazgos proporcionan una sólida base para la producción de concreto de alta resistencia en diversos proyectos de construcción.
650 14 - PUNTO DE ACCESO ADICIONAL DE MATERIA--TÉRMINO DE MATERIA
Fuente del encabezamiento o término LEMB
Subdivisión general Ingeniería
-- Concreto
-- Dosificación
-- Resitencia
-- Durabilidad
-- Agregados
700 ## - ENTRADA AGREGADA--NOMBRE PERSONAL
Nombre de persona Inga, Civil Jorge Haroldo Dubón Xitumul
Término indicativo de función/relación Asesor
856 ## - LOCALIZACIÓN Y ACCESO ELECTRÓNICOS
Identificador Uniforme de Recurso <a href="https://drive.google.com/file/d/1zuF3W-As9XdBl1iHJyO6driUFmAXnBeS/view">https://drive.google.com/file/d/1zuF3W-As9XdBl1iHJyO6driUFmAXnBeS/view</a>
Texto de enlace PDF
Nota pública Un ejemplar en línea.
942 ## - ELEMENTOS DE ENTRADA SECUNDARIOS (KOHA)
Fuente de la clasificación o esquema de estantería Clasificación Decimal Dewey
Tipo de ítem Koha TESIS
Parte de la signatura que identifica el ejemplar (Parte del ítem) TIC 0037
Prefijo de la signatura Clasificación
Suprimir en OPAC No
-- TIC_0037_000000000000000
Existencias
Estatus retirado Estado de pérdida Fuente de la clasificación o esquema de estantería Estado de daño No para préstamo Colección Biblioteca de origen Biblioteca actual Ubicación en estantería Fecha de adquisición Número de inventario Total de préstamos Signatura topográfica completa Código de barras Visto por última vez Precio de reemplazo Tipo de ítem Koha
    Clasificación Decimal Dewey     tesis BIBLIOTECA- CUNOR -JOSÉ LUIS GONZALES ROSALES BIBLIOTECA- CUNOR -JOSÉ LUIS GONZALES ROSALES Colección tesis 16/09/2025 TIC 0037   TIC 0037 TIC 0037 16/09/2025 16/09/2025 TESIS